England Anthem Lyrics - Statistics

General Stats
  • This quiz has been taken 12 times
  • The average score is 7 of 14
Answer Stats
Lyrics % Correct
God save the King!
100%
God save the King!
100%
God save the King!
100%
God save our gracious King!
75%
Happy and glorious,
67%
Long live our noble King!
67%
Send him victorious,
67%
Long to reign over us:
50%
Long may he reign:
17%
May he defend our laws,
17%
And ever give us cause,
8%
On him be pleased to pour;
8%
Thy choicest gifts in store,
8%
To sing with heart and voice,
8%
No matching quizzes found
Score Distribution
Percent of People with Each Score
Percentile by Number Answered
Your Score History
You have not taken this quiz